| Tag |
First Indicator |
Second Indicator |
Subfields |
| LEADER |
00000cam a2200000 4500 |
| 001 |
in00000063314 |
| 005 |
20151008051735.0 |
| 008 |
770817s1943 nyu b 00010 eng |
| 010 |
|
|
|a 43011680
|
| 035 |
|
|
|a (OCoLC)03194005
|
| 035 |
|
|
|9 AAG9716AM
|
| 040 |
|
|
|a DLC
|c CSU
|d TXA
|d UtOrBLW
|
| 049 |
|
|
|a TXAM
|c [177744]
|
| 050 |
0 |
0 |
|a HB119.A2
|b N6
|
| 092 |
|
|
|a 330.973
|b N849s
|
| 100 |
1 |
|
|a Normano, Joao Frederico,
|d 1890-
|
| 245 |
1 |
4 |
|a The spirit of American economics ;
|b a study in the history of economic ideas in the United States prior to the great depression /
|c by J. F. Normano, with a supplement, The development of Canadian economic ideas, by A. R. M. Lower. A publication of the Committee on the study of economic thought.
|
| 264 |
|
2 |
|a New York :
|b Distributed by the John Day Company,
|c [1943]
|
| 300 |
|
|
|a 5 pages ., 13-252 pages, 2 . ;
|c 24 cm.
|
| 336 |
|
|
|a text
|b txt
|2 rdacontent
|
| 337 |
|
|
|a unmediated
|b n
|2 rdamedia
|
| 338 |
|
|
|a volume
|b nc
|2 rdacarrier
|
| 490 |
0 |
|
|a Studies in the history of economic thought, v.1
|
| 504 |
|
|
|a Bibliographical footnotes.
|
| 650 |
|
0 |
|a Economics
|x History
|z United States.
|
| 650 |
|
0 |
|a Economics
|x History
|z Canada.
|
| 700 |
1 |
|
|a Lower, Arthur R. M.
|q (Arthur Reginald Marsden),
|d 1889-1988.
|
| 710 |
2 |
|
|a Committee on the Study of Economic Thought, New York.
|
| 999 |
|
|
|a MARS
|
| 999 |
f |
f |
|s 456dd094-7d42-30ac-9a5c-029357d72d11
|i b6d0b429-f53c-3720-8552-69e9d1f59bb0
|t 0
|
| 952 |
f |
f |
|p ric
|a Texas A&M University
|b Rellis Campus
|c Joint Library Facility
|d Remote Storage
|t 0
|e HB119.A2 N6
|h Library of Congress classification
|i unmediated -- volume
|m A14800708231
|
| 998 |
f |
f |
|a HB119.A2 N6
|t 0
|l Remote Storage
|